Mets on vend
| Titel: | Mets on vend : metsavendlusest Palmse vallas ja ümbruses : dokumentaaljutustus / Jaan Kruusvall, Villi Jahilo ; toimetaja Kai Nurmik ; kujundaja Külli Tammes |
|---|---|
| Verfasser: | |
| Beteiligt: | |
| Veröffentlicht: | [Tallinn] : EKSA, 2024 |
| Umfang: | 279 Seiten |
| Format: | Buch |
| Sprache: | Estnisch |
| ISBN: | 9789916677889 |
| Hinweise zum Inhalt: |
Inhaltsverzeichnis
Cover |
alg: 52017939 001A $03004:26-07-24 001B $01999:21-11-25 $t16:17:58.000 001D $03004:31-07-24 001U $0utf8 001X $00 002@ $0Aau 002C $aText $btxt $2rdacontent 002D $aohne Hilfsmittel zu benutzen $bn $2rdamedia 002E $aBand $bnc $2rdacarrier 003@ $0520179390 004A $A978-9916-677-88-9 007A $0520179390 $aHEB 007G $0DE020D28D4E908E8C6CA9C1258B6D0043CCB2 009P $qapplication/pdf $A2 $3Inhaltsverzeichnis $uhttp://scans.hebis.de/HEBCGI/show.pl?52017939_toc.pdf $mV:DE-603;B:DE-Mb50 009P $qapplication/pdf $A2 $3Cover $uhttp://scans.hebis.de/HEBCGI/show.pl?52017939_cov.pdf $mV:DE-603;B:DE-Mb50 010@ $aest 010E $erda 011@ $a2024 021A $aMets on vend $dmetsavendlusest Palmse vallas ja ümbruses : dokumentaaljutustus $hJaan Kruusvall, Villi Jahilo ; toimetaja Kai Nurmik ; kujundaja Külli Tammes 028A $BVerfasser $4aut $7137736851 $8Kruusvall, Jaan$Z1940-2012 [Tp1] $9210540230 028C $BHerausgeber $4edt $8Nurmik, Kai [Tnu] $9495406287 033A $p[Tallinn] $nEKSA 034D $a279 Seiten 044K $RVirumaa $#Kreis Rakvere $#Vezenbergskij uezd $#Kreis Wesenberg $#Lääne-Viru maakond $#Laane-Virumaa $#West-Viru County $#Lääne-Viru $#Kreis Lääne-Viru $74731778-4 $8Lääne-Virumaa [Tg1] $9111483085 044K $74662016-3 $8Palamuse [Tg1] $9101854749 044K $RSystemveränderung $74181897-0 $8Sowjetisierung [Ts1] $9085873322 044K $RLiteratur $#Reportage literature $#Journalisme narratif $#Dokumentarische Literatur $74012655-9 $8Dokumentarliteratur [Ts1] $9085027553 044K $RKombattant $ROpposition $RWiderstandskämpfer $RProtest $#Government, Resistance to $#Underground movements, War $#Résistance politique $#Mouvements de résistance $#Politischer Widerstand $#Widerstand $#Widerstandsbewegung $#Politischer Widerstand $#Widerstandsbewegung $#Politischer Widerstand $#Widerstandsbewegung $74079262-6 $8Widerstand [Ts1] $9085225177 044K $RKrieg $RGuerilla $#Guerrilla warfare $#Guérilla $74173446-4 $8Partisanenkrieg [Ts1] $9085805203 045F $a355.009479809044 $eDDC23BSB 045F/01 $a355.009 045F/03 $f09044 045F/03 $g4798 045R $aGeschichte 1944-1953 lok: 52017939 24 exp: 52017939 24 1 #EPN 201B/01 $031-07-24 $t14:44:26.000 201C/01 $026-07-24 201U/01 $0utf8 203@/01 $01267749490 208@/01 $a29-07-24 $bz 209A/01 $a24.03984 $du $f050 $h24 03984 $x00 209C/01 $a24.03984 K $h24 03984 K 209G/01 $a74848397 $x00 220C/01 $akoe 247C/01 $8358050-7Marburg, Bibliothek des Herder-Instituts Marburg $9102600961
| LEADER | 00000cam a2200000 c 4500 | ||
|---|---|---|---|
| 001 | 520179390 | ||
| 003 | DE-603 | ||
| 005 | 20251121161758.0 | ||
| 007 | tu | ||
| 008 | 240726s2024 xx |||| | u00||u|est c | ||
| 020 | |a 9789916677889 | ||
| 035 | |a (DE-599)HEB520179390 | ||
| 040 | |a DE-603 |b ger |c DE-603 |d DE-603 |e rda | ||
| 041 | |a est | ||
| 082 | 0 | 4 | |8 1\u |a 355.009479809044 |q DE-101 |2 23/BSB |
| 085 | |8 1\u |b 355.009 | ||
| 085 | |8 1\u |z 1 |s 09044 | ||
| 085 | |8 1\u |z 2 |s 4798 | ||
| 100 | 1 | |a Kruusvall, Jaan |d 1940-2012 |e Verfasser |4 aut |0 (DE-603)210540230 |0 (DE-588)137736851 |2 gnd | |
| 245 | 0 | 0 | |a Mets on vend |b metsavendlusest Palmse vallas ja ümbruses : dokumentaaljutustus |c Jaan Kruusvall, Villi Jahilo ; toimetaja Kai Nurmik ; kujundaja Külli Tammes |
| 264 | 1 | |a [Tallinn] |b EKSA |c 2024 | |
| 300 | |a 279 Seiten | ||
| 336 | |a Text |b txt |2 rdacontent | ||
| 337 | |a ohne Hilfsmittel zu benutzen |b n |2 rdamedia | ||
| 338 | |a Band |b nc |2 rdacarrier | ||
| 648 | 7 | |a Geschichte 1944-1953 |2 gnd | |
| 650 | 7 | |a Sowjetisierung |0 (DE-588)4181897-0 |0 (DE-603)085873322 |2 gnd | |
| 650 | 7 | |a Dokumentarliteratur |0 (DE-588)4012655-9 |0 (DE-603)085027553 |2 gnd | |
| 650 | 7 | |a Widerstand |0 (DE-588)4079262-6 |0 (DE-603)085225177 |2 gnd | |
| 650 | 7 | |a Partisanenkrieg |0 (DE-588)4173446-4 |0 (DE-603)085805203 |2 gnd | |
| 651 | 7 | |a Lääne-Virumaa |0 (DE-588)4731778-4 |0 (DE-603)111483085 |2 gnd | |
| 651 | 7 | |a Palamuse |0 (DE-588)4662016-3 |0 (DE-603)101854749 |2 gnd | |
| 700 | 1 | |a Nurmik, Kai |e Herausgeber |4 edt |0 (DE-603)495406287 | |
| 856 | 4 | 2 | |m V:DE-603;B:DE-Mb50 |q application/pdf |u http://scans.hebis.de/HEBCGI/show.pl?52017939_toc.pdf |3 Inhaltsverzeichnis |
| 856 | 4 | 2 | |m V:DE-603;B:DE-Mb50 |q application/pdf |u http://scans.hebis.de/HEBCGI/show.pl?52017939_cov.pdf |3 Cover |
| 924 | 0 | |9 Mb 50 |a (DE-603)1267749490 |b DE-Mb50 |c HES |d c |g 24.03984 | |


